Normal view
MARC view
- Fuller, Gorden
Entry Personal Name
001 - CONTROL NUMBER
- control field: 39416
003 - CONTROL NUMBER IDENTIFIER
- control field: NUST
005 - DATE AND TIME OF LATEST TRANSACTION
- control field: 20210314131431.0
008 - FIXED-LENGTH DATA ELEMENTS
- fixed length control field: 210314|| aca||aabn | a|a d
040 ## - CATALOGING SOURCE
- Original cataloging agency: NUST
- Transcribing agency: NUST
100 ## - HEADING--PERSONAL NAME
- Personal name: Fuller, Gorden
670 ## - SOURCE DATA FOUND
- Source citation: Work cat.: (NUST): Fuller, Gorden, Plane Trigonometry, 1950
